Regions of New Zealand by Last Two Letters - Statistics

General Stats
  • This quiz has been taken 13 times
  • The average score is 10 of 16
Answers on the Map
Answers color-coded by a green-red scale on the quiz's map according to % correct below.
 
Answer Stats
Population Region % Correct
1,570,500 Auckland
100%
168,300 Northland
100%
97,300 Southland
100%
49,900 Nelson
90%
496,900 Wellington
90%
586,500 Canterbury
70%
32,700 West Coast
70%
215,100 Otago
60%
287,100 Bay of Plenty
50%
234,500 Manawatu-Wanganui
50%
115,800 Taranaki
50%
49,500 Tasman
50%
439,200 Waikato
50%
160,100 Hawke's Bay
40%
45,300 Marlborough
40%
47,400 Gisborne
30%
No matching quizzes found
Score Distribution
Percent of People with Each Score
Percentile by Number Answered
Your Score History
You have not taken this quiz